000 00656nam a22002057a 4500
999 _c190654
_d190654
005 20220802110352.0
010 _aENG-134147
020 _a9788180481765
_c195.00
035 _aEN-117679
037 _bDBAB/PUB
082 _a133.5830681
100 _aKapil, Rajinder
245 _aMarriage and Progeny/
_cRajinder Kapil, Sunil Suman and Indu Bala Kapil
260 _aChandigarh
_bArun Publishing House Pvt Ltd
_c2011
270 _aSCO 49-51, Sector 17 C
_bChandigarh
_e160017
_marunpublishing@gmail.com
300 _a192p.
_c21cm(pbk)
700 _aSuman, Sunil
700 _aKapil, Indu Bala
942 _2ddc
_cEN
_h133.5830681
_mKAP